00398nam a22001457a 450000500170000001000140001702000260003103700230005708200060008010000200008624500210010626000360012727000690016330000200023220260302121923.0 aBACCHEN26 a9788197870446c275.00 bPangram Publishers aN aSwift, Jonathan aGullivers Travel aDelhibPangram Publishersc2025 aA 208, 2nd Floor, North Ex Mall, Sector-9, RohinibDelhie110085 a288.pc21cm(pb)